| 000 | 01521nam2a2200241 4500 | ||
|---|---|---|---|
| 001 | RU\NLR\BIBL_A\010978059 | ||
| 005 | 20250624204700.0 | ||
| 010 |
_a978-5-00023-870-7 _bч. 3 _9100 |
||
| 021 |
_aRU _b2016-3455 _9209 |
||
| 035 | _a(NLR Aleph) 010978059 | ||
| 090 |
_a10855800 _c10855800 |
||
| 100 | _a20160209d2015 |||y0rusy50 ca | ||
| 101 | 0 | _arus | |
| 102 | _aRU | ||
| 105 | _ay|||z|||100yy | ||
| 200 | 0 |
_aЧ. 3 _fпод ред. Г.С. Чесноковой, О.А. Энс |
|
| 210 |
_d2015 _aБ. м. |
||
| 215 | _a257 с. | ||
| 461 | 0 |
_1001RU\NLR\BIBL_A\011006443 _12001#$aМолодежь XXI века: образование, наука, инновации$eматериалы IV всероссийской студенческой научно-практической конференции с международным участием (г. Новосибирск, 18-20 ноября 2015 г.)$e[в 4 ч.]$vЧ. 3 _910997980 _cНовосибирск _d2015 _nНовосибирский государственный педагогический университет _oматериалы IV всероссийской студенческой научно-практической конференции с международным участием (г. Новосибирск, 18-20 ноября 2015 г.) : [в 4 ч.] _tМолодежь XXI века: образование, наука, инновации _y9785000238677 _vЧ. 3 |
|
| 942 | _cBOOK | ||
| 980 | _aNB | ||